Theories of macro organizational behavior (Record no. 124502)
[ view plain ]
| 000 -LEADER | |
|---|---|
| fixed length control field | 00645nam a22001937a 4500 |
| 005 - DATE AND TIME OF LATEST TRANSACTION | |
| control field | 20160329151828.0 |
| 008 - FIXED-LENGTH DATA ELEMENTS--GENERAL INFORMATION | |
| fixed length control field | 160329b xxu||||| |||| 00| 0 eng d |
| 020 ## - INTERNATIONAL STANDARD BOOK NUMBER | |
| International Standard Book Number | 9788120325739 |
| 050 ## - LIBRARY OF CONGRESS CALL NUMBER | |
| Classification number | HD58.7V53 2004 |
| 100 ## - MAIN ENTRY--PERSONAL NAME | |
| Personal name | Vibert, Conor |
| 9 (RLIN) | 23442 |
| 245 ## - TITLE STATEMENT | |
| Title | Theories of macro organizational behavior |
| Remainder of title | a handbook of ideas and explanations |
| Statement of responsibility, etc | by Vibert, Conor |
| 260 ## - PUBLICATION, DISTRIBUTION, ETC. (IMPRINT) | |
| Place of publication, distribution, etc | New Delhi |
| Name of publisher, distributor, etc | Prentice-Hall of India |
| Date of publication, distribution, etc | 2004 |
| 300 ## - PHYSICAL DESCRIPTION | |
| Extent | viii, 226p.; |
| Dimensions | 22cm. |
| 650 ## - SUBJECT ADDED ENTRY--TOPICAL TERM | |
| Topical term or geographic name as entry element | Organizational behavior |
| 9 (RLIN) | 23443 |
| 650 ## - SUBJECT ADDED ENTRY--TOPICAL TERM | |
| Topical term or geographic name as entry element | Corporations |
| 9 (RLIN) | 23444 |
| 650 ## - SUBJECT ADDED ENTRY--TOPICAL TERM | |
| Topical term or geographic name as entry element | Complex organizations |
| 9 (RLIN) | 23445 |
| 650 ## - SUBJECT ADDED ENTRY--TOPICAL TERM | |
| Topical term or geographic name as entry element | Management |
| 9 (RLIN) | 23446 |
| 942 ## - ADDED ENTRY ELEMENTS (KOHA) | |
| Source of classification or shelving scheme | Library of Congress Classification |
| Item type | Monograph ( Printed materials) |
| Withdrawn status | Lost status | Source of classification or shelving scheme | Damaged status | Not for loan | Collection code | Home library | Current library | Shelving location | Date acquired | Total Checkouts | Full call number | Barcode | Date last seen | Price effective from | Koha item type |
|---|---|---|---|---|---|---|---|---|---|---|---|---|---|---|---|
| Library of Congress Classification | Main Collection | ARRUPE LIBRARY | ARRUPE LIBRARY | Main Collection | 29/03/2016 | HD58.7V53 2004 | 46500007143 | 08/05/2018 | 29/03/2016 | Monograph ( Printed materials) |